[Event "2011 SC Site Championship, Round 1 - Group I"]
[Site "SchemingMind.com"]
[Date "2011.04.10"]
[Round "-"]
[White "Number34"]
[Black "Fiesty 50"]
[Result "1/2-1/2"]
[WhiteCountry "USA"]
[BlackCountry "ENG"]
[WhiteElo "2349"]
[WhiteRD "71"]
[BlackElo "2261"]
[BlackRD "101"]
[GameID "280009"]

1. e4 e6 2. d4 d5 3. Nc3 Bb4 4. e5 c5 5. a3 Bxc3+ 6. bxc3 Ne7 7. Qg4 Qc7 8. Qxg7 Rg8 9. Qxh7 cxd4 10. Ne2 Nbc6
11. f4 dxc3 12. Qd3 d4 13. Ng3 Bd7 14. Ne4 O-O-O 15. Nd6+ Kb8 16. Rb1 b6 17. Nxf7 Rdf8 18. Nd6 Nf5 19. Nxf5 Rxf5 20. h3 Be8
21. g4 Nxe5 22. fxe5 Qxe5+ 23. Be2 Bc6 24. Rg1 Rf2 25. Bh6 Rf6 26. Bc1 Rgf8 27. Rb4 Rf2 28. Rxd4 Rxe2+ 29. Qxe2 Qxd4=
1/2-1/2

[Event "2011 SC Site Championship, Round 1 - Group I"]
[Site "SchemingMind.com"]
[Date "2011.04.10"]
[Round "-"]
[White "Fiesty 50"]
[Black "Number34"]
[Result "1/2-1/2"]
[WhiteCountry "ENG"]
[BlackCountry "USA"]
[WhiteElo "2261"]
[WhiteRD "101"]
[BlackElo "2349"]
[BlackRD "71"]
[GameID "280010"]

1. e4 c5 2. c3 Nf6 3. e5 Nd5 4. d4 cxd4 5. cxd4 d6 6. Nf3 Nc6 7. Bc4 Nb6 8. Bb3 dxe5 9. d5 Na5 10. Nc3 Nxb3
11. Qxb3 e6 12. Nxe5 exd5 13. O-O Bd6 14. Qb5+ Kf8 15. Nxd5 Bxe5 16. Nxb6 Bxh2+ 17. Kxh2 Qxb6 18. Qxb6=
1/2-1/2

[Event "2011 SC Site Championship, Round 1 - Group I"]
[Site "SchemingMind.com"]
[Date "2011.04.10"]
[Round "-"]
[White "soundso"]
[Black "Fiesty 50"]
[Result "1/2-1/2"]
[WhiteCountry "USA"]
[BlackCountry "ENG"]
[WhiteElo "1896"]
[WhiteRD "85"]
[BlackElo "2269"]
[BlackRD "94"]
[GameID "280092"]

1. e4 e6 2. d4 d5 3. Nd2 Ne7 4. Ngf3 Ng6 5. h4 h5 6. g3 Be7 7. Bg2 Nd7 8. O-O Nf6 9. exd5 exd5 10. Re1 O-O
11. Ne5 c6 12. Ndf3 Bf5 13. Nxg6 Bxg6 14. Ne5 Bf5 15. Bg5 Re8 16. c3 Ng4 17. Nxg4 Bxg5 18. Rxe8+ Qxe8 19. Nh2 Bf6 20. Qxh5 Qe6
21. Qd1 Re8 22. Qd2 Bg6 23. Nf3 Kf8=
1/2-1/2

[Event "2011 SC Site Championship, Round 1 - Group I"]
[Site "SchemingMind.com"]
[Date "2011.04.07"]
[Round "-"]
[White "soundso"]
[Black "Number34"]
[Result "0-1"]
[WhiteCountry "USA"]
[BlackCountry "USA"]
[WhiteElo "1933"]
[WhiteRD "88"]
[BlackElo "2349"]
[BlackRD "71"]
[GameID "280093"]

1. d4 Nf6 2. c4 g6 3. Nc3 Bg7 4. e4 d6 5. Be2 O-O 6. Bg5 h6 7. Be3 c5 8. d5 e6 9. Qd2 exd5 10. cxd5 Re8
11. f3 Kh7 12. h4 Nh5 13. Kf2 f5 14. exf5 Bxf5 15. g4 Rxe3 16. gxf5 Bd4 17. fxg6+ Kg7 18. Kg2 Qf6 19. Qc2 Nf4+ 20. Kg3 Qe5
21. Bb5 Rxf3+ 22. Nxf3 Ne2+ 23. Kg2 Qg3+
0-1

[Event "2011 SC Site Championship, Round 1 - Group I"]
[Site "SchemingMind.com"]
[Date "2011.04.10"]
[Round "-"]
[White "Fiesty 50"]
[Black "soundso"]
[Result "1-0"]
[WhiteCountry "ENG"]
[BlackCountry "USA"]
[WhiteElo "2269"]
[WhiteRD "94"]
[BlackElo "1896"]
[BlackRD "85"]
[GameID "280094"]

1. e4 c5 2. Nc3 Nc6 3. f4 g6 4. Nf3 Bg7 5. Bb5 Nd4 6. O-O Nxb5 7. Nxb5 d6 8. d3 Nf6 9. e5 dxe5 10. fxe5 Ng4
11. Qe2 O-O 12. Bf4 a6 13. Nc3 Qb6 14. h3 Qxb2 15. Nd5 Nh6 16. Rfb1 Qa3 17. Nb6 Ra7 18. Rb3
1-0

[Event "2011 SC Site Championship, Round 1 - Group I"]
[Site "SchemingMind.com"]
[Date "2011.04.08"]
[Round "-"]
[White "Number34"]
[Black "soundso"]
[Result "1-0"]
[WhiteCountry "USA"]
[BlackCountry "USA"]
[WhiteElo "2349"]
[WhiteRD "71"]
[BlackElo "1933"]
[BlackRD "88"]
[GameID "280095"]

1. e4 d5 2. exd5 Qxd5 3. Nc3 Qd6 4. d4 Nf6 5. Nf3 a6 6. g3 b5 7. Bg2 Bb7 8. O-O Nbd7 9. Bf4 Qb6 10. a4 b4
11. a5 Qa7 12. Na4 Nd5 13. Bd2 e6 14. c4 bxc3 15. bxc3 c5 16. c4 N5f6 17. d5 exd5 18. Qe2+ Kd8 19. Ng5 Rg8 20. Nxf7+ Kc7
21. Bf4+ Kc8 22. Nb6+ Nxb6 23. axb6 Qxb6 24. Bh3+ Nd7 25. Qe8+
1-0

[Event "2011 SC Site Championship, Round 1 - Group I"]
[Site "SchemingMind.com"]
[Date "2011.04.10"]
[Round "-"]
[White "Will Grummitt"]
[Black "Fiesty 50"]
[Result "0-1"]
[WhiteCountry "ENG"]
[BlackCountry "ENG"]
[WhiteElo "1932"]
[WhiteRD "59"]
[BlackElo "2269"]
[BlackRD "94"]
[GameID "280142"]

1. e4 e6 2. d4 d5 3. Nc3 Bb4 4. e5 Ne7 5. Qg4 c5 6. Qxg7 Rg8 7. Qxh7 cxd4 8. a3 Qa5 9. axb4 Qxa1 10. Nce2 Nbc6
11. Nf3 Bd7 12. g3 O-O-O 13. Bg2 Nf5 14. O-O Qa6 15. Re1 d3 16. b5 Qxb5 17. Nc3 Qa6 18. cxd3 Qxd3 19. Qh5 Qc4 20. Bg5 Rdf8
21. Bf6 Qb4 22. Rb1 Kb8 23. Ng5 Ncd4 24. Nh7 Rc8 25. Qxf7 Ba4 26. Nxa4 Qxa4 27. Qh5 Rc2 28. Bg5 Rxf2 29. Qd1 Rc2 30. Qd3 Rg7
0-1

[Event "2011 SC Site Championship, Round 1 - Group I"]
[Site "SchemingMind.com"]
[Date "2011.04.06"]
[Round "-"]
[White "Will Grummitt"]
[Black "soundso"]
[Result "1-0"]
[WhiteCountry "ENG"]
[BlackCountry "USA"]
[WhiteElo "1932"]
[WhiteRD "59"]
[BlackElo "1896"]
[BlackRD "85"]
[GameID "280143"]

1. e4 d5 2. exd5 Qxd5 3. Nc3 Qd6 4. d4 Nf6 5. Nf3 a6 6. Bc4 b5 7. Bd3 Bb7 8. O-O Nc6 9. Re1 e6 10. a4 b4
11. Ne4 Nxe4 12. Bxe4 Be7 13. Ne5 Nxe5 14. Bxb7 Ra7 15. Be4 Nd7 16. Qf3 O-O 17. Bf4 Qb6 18. a5 Qb8 19. Bc6 Nf6 20. d5 Qc8
21. dxe6 fxe6 22. Qb3 Ng4 23. Rxe6 Kf7 24. Rd6+
1-0

[Event "2011 SC Site Championship, Round 1 - Group I"]
[Site "SchemingMind.com"]
[Date "2011.04.07"]
[Round "-"]
[White "Will Grummitt"]
[Black "Number34"]
[Result "1/2-1/2"]
[WhiteCountry "ENG"]
[BlackCountry "USA"]
[WhiteElo "1932"]
[WhiteRD "59"]
[BlackElo "2328"]
[BlackRD "74"]
[GameID "280144"]

1. e4 c5 2. Nf3 Nc6 3. d4 cxd4 4. Nxd4 Nf6 5. Nc3 e5 6. Ndb5 d6 7. Nd5 Nxd5 8. exd5 Nb8 9. c4 Be7 10. Be2 O-O
11. O-O a6 12. Nc3 f5 13. Qc2 Nd7 14. Re1 b6 15. Bd2 Bg5 16. f3 Bb7 17. b4 Rc8 18. Rac1 Bxd2 19. Qxd2 Qh4 20. a4 Rf6
21. Bd3 Rcf8 22. Qf2 Qh5 23. Qe2 Rh6 24. g3 a5 25. bxa5 bxa5 26. Rb1 Nc5 27. Bc2 Ba6 28. Nb5 f4 29. g4= Qh4 30. Qd2 Bc8
31. Re2 Bd7 32. Qe1 Qf6 33. Qf2 Qe7 34. Ree1= Rc8 35. Qd2 Qh4 36. Re2 Ra8 37. Qe1 Qd8 38. Qf2 Be8 39. Ree1 Bg6 40. Qd2 Qh4
41. Bxg6 Rxg6 42. Qc2 Rf8 43. Re2= Qh3 44. Rf1 Rff6 45. Nc7 Rg5 46. Ne6 Nxe6 47. dxe6 h5 48. c5 hxg4 49. Rg2 Rxe6 50. c6 g3
51. c7 Re8 52. Rb1 Kf7 53. Rb8 gxh2+ 54. Kh1 Qxf3 55. Qc4+ d5 56. Qe2 Qxe2 57. Rxe2 Rg1+ 58. Kxh2 Rc1 59. Rxe8 Kxe8 60. Rxe5+ Kd7
61. Rxd5+ Kxc7 62. Rxa5 Kd6 63. Rg5 f3 64. Rf5 Ra1 65. Rxf3 Rxa4 66. Rg3 Ra7 67. Rg4=
1/2-1/2

[Event "2011 SC Site Championship, Round 1 - Group I"]
[Site "SchemingMind.com"]
[Date "2011.04.10"]
[Round "-"]
[White "Fiesty 50"]
[Black "Will Grummitt"]
[Result "1-0"]
[WhiteCountry "ENG"]
[BlackCountry "ENG"]
[WhiteElo "2269"]
[WhiteRD "94"]
[BlackElo "1932"]
[BlackRD "59"]
[GameID "280145"]

1. e4 e6 2. d4 d5 3. Nc3 Nf6 4. e5 Nfd7 5. Nce2 c5 6. c3 Nc6 7. f4 Qa5 8. Nf3 Be7 9. dxc5 Qxc5 10. Ned4 O-O
11. Bd3 Qb6 12. Qc2 g6 13. O-O Nc5 14. Be3 Nxd4 15. Bxd4 Qc7 16. Be2 b6 17. Rac1 Bb7 18. Nd2 Rac8 19. b4 Ne4 20. a3 Nxd2
21. Qxd2 Bc6 22. Rf3 Qd7 23. Rcf1 h5 24. Bd3 h4 25. f5 exf5 26. Rxf5 gxf5 27. Bxf5 Qe6 28. Bxe6 fxe6 29. Rxf8+ Rxf8 30. Qh6 Kf7
31. Qh5+ Kg7 32. Be3 Rh8 33. Qg4+ Kf7 34. Bg5 Bxg5 35. Qxg5 Re8 36. Qxh4 Bb5 37. Qh7+ Kf8 38. g4 Re7 39. Qh8+ Kf7 40. g5
1-0

[Event "2011 SC Site Championship, Round 1 - Group I"]
[Site "SchemingMind.com"]
[Date "2011.04.06"]
[Round "-"]
[White "soundso"]
[Black "Will Grummitt"]
[Result "0-1"]
[WhiteCountry "USA"]
[BlackCountry "ENG"]
[WhiteElo "1896"]
[WhiteRD "85"]
[BlackElo "1932"]
[BlackRD "59"]
[GameID "280146"]

1. e4 e6 2. d4 d5 3. Nc3 Bb4 4. e5 c5 5. a3 Bxc3+ 6. bxc3 Ne7 7. Qg4 O-O 8. Bd3 Qa5 9. Ne2 cxd4 10. Bh6 Ng6
11. h4 Nc6 12. f4 gxh6 13. h5 Ne7 14. hxg6 fxg6 15. Rxh6 Qc7 16. Kf2 Qxe5 17. cxd4 Qf6 18. Rah1 e5 19. dxe5 Qb6+
0-1

[Event "2011 SC Site Championship, Round 1 - Group I"]
[Site "SchemingMind.com"]
[Date "2011.04.07"]
[Round "-"]
[White "Number34"]
[Black "Will Grummitt"]
[Result "1-0"]
[WhiteCountry "USA"]
[BlackCountry "ENG"]
[WhiteElo "2349"]
[WhiteRD "71"]
[BlackElo "1920"]
[BlackRD "58"]
[GameID "280147"]

1. e4 e6 2. d4 d5 3. Nc3 Nf6 4. Bg5 dxe4 5. Nxe4 Be7 6. Bxf6 Bxf6 7. Nf3 O-O 8. Qd2 Nc6 9. O-O-O b6 10. Bd3 Bb7
11. c3 Be7 12. Rhe1 h6 13. g4 Na5 14. g5 hxg5 15. Nexg5 Bxf3 16. Nxf3 Qd5 17. Rg1 Qh5 18. Rg3 g6 19. Rdg1 Bd6 20. Rg4 Rfd8
21. Rh4 Qxf3 22. Qh6 Qf6 23. Bxg6 fxg6 24. Rxg6+ Kf7 25. Rxf6+ Ke8 26. Qg7 Be7 27. Qf7+ Kd7 28. Qxe6+ Ke8 29. Rh8#
1-0

[Event "2011 SC Site Championship, Round 1 - Group I"]
[Site "SchemingMind.com"]
[Date "2011.04.16"]
[Round "-"]
[White "GM Mark"]
[Black "Fiesty 50"]
[Result "1-0"]
[WhiteCountry "ENG"]
[BlackCountry "ENG"]
[WhiteElo "2458"]
[WhiteRD "109"]
[BlackElo "2243"]
[BlackRD "95"]
[GameID "280776"]

1. Nf3 e6 2. c4 d5 3. d4 Nf6 4. Nc3 Be7 5. Bg5 O-O 6. e3 h6 7. Bh4 b6 8. Be2 Bb7 9. Rc1 Nbd7 10. cxd5 exd5
11. O-O c5 12. Qc2 Rc8 13. dxc5 bxc5 14. Rfd1 Qb6 15. Bd3 d4 16. Na4 Qa5 17. Bf5 Rfd8 18. b3 Qa6 19. Kh1 Bf8 20. Nb2 g6
21. Bd3 Qe6 22. Nc4 Bg7 23. Re1 Bxf3 24. gxf3 Qh3 25. Bg3 Nh5 26. f4 Nxg3+ 27. fxg3 Nb6 28. e4 h5 29. f5 Rc7 30. Rf1 h4
31. Rf3 gxf5 32. Rg1 fxe4 33. Bxe4 Qg4 34. Rf4
1-0

[Event "2011 SC Site Championship, Round 1 - Group I"]
[Site "SchemingMind.com"]
[Date "2011.04.13"]
[Round "-"]
[White "GM Mark"]
[Black "soundso"]
[Result "1-0"]
[WhiteCountry "ENG"]
[BlackCountry "USA"]
[WhiteElo "2441"]
[WhiteRD "108"]
[BlackElo "1896"]
[BlackRD "85"]
[GameID "280777"]

1. Nf3 Nf6 2. c4 g6 3. Nc3 Bg7 4. e4 d6 5. d4 O-O 6. Be2 e5 7. dxe5 dxe5 8. O-O Nc6 9. Bg5 Bg4 10. Qxd8 Raxd8
11. Nd5 Bxf3 12. Bxf3 Nxd5 13. Bxd8 Nb6 14. Bxc7 Nxc4 15. Rfc1 Nxb2 16. Rab1 Nd3 17. Rc3 Nf4 18. Rxb7 Nd4 19. Ra3 Nxf3+ 20. gxf3 Bf6
21. Raxa7
1-0

[Event "2011 SC Site Championship, Round 1 - Group I"]
[Site "SchemingMind.com"]
[Date "2011.04.15"]
[Round "-"]
[White "GM Mark"]
[Black "Number34"]
[Result "1-0"]
[WhiteCountry "ENG"]
[BlackCountry "USA"]
[WhiteElo "2441"]
[WhiteRD "108"]
[BlackElo "2328"]
[BlackRD "74"]
[GameID "280778"]

1. Nf3 Nf6 2. c4 g6 3. Nc3 d5 4. cxd5 Nxd5 5. e4 Nxc3 6. dxc3 Qxd1+ 7. Kxd1 Nd7 8. Bf4 c6 9. h4 Bg7 10. h5 Nc5
11. h6 Bf8 12. e5 Bf5 13. Ke1 Nd3+ 14. Bxd3 Bxd3 15. Rd1 Be4 16. Bg5 a5 17. c4 Ra6 18. Ke2 c5 19. Be3 Rc6 20. Ng5 Bf5
21. Kf3 f6 22. Ne4= b6 23. g4 Bc8 24. g5 Bf5 25. Rd2 fxe5 26. Rhd1 Rc8 27. Rd3 Be6 28. b3 Bf5 29. Bd2 Rg8 30. Bc3 Be6
31. Bb2 Bf5 32. Bxe5 Kf7 33. Rd8 Rc6 34. Rb8
1-0

[Event "2011 SC Site Championship, Round 1 - Group I"]
[Site "SchemingMind.com"]
[Date "2011.04.13"]
[Round "-"]
[White "GM Mark"]
[Black "Will Grummitt"]
[Result "1/2-1/2"]
[WhiteCountry "ENG"]
[BlackCountry "ENG"]
[WhiteElo "2434"]
[WhiteRD "119"]
[BlackElo "1920"]
[BlackRD "58"]
[GameID "280779"]

1. Nf3 Nf6 2. c4 g6 3. Nc3 d6 4. d4 Bg7 5. e4 O-O 6. Be2 c5 7. d5 Bg4 8. O-O Nbd7 9. h3 Bxf3 10. Bxf3 a6
11. Qc2 Rb8 12. Be2 Qa5 13. Bd2 Qc7 14. a3 Rfc8 15. Be3 Ne8 16. Rfd1 Qa5 17. a4 Be5 18. Ra3 Rd8= 19. Kh1 Bg7 20. Kh2=
1/2-1/2

[Event "2011 SC Site Championship, Round 1 - Group I"]
[Site "SchemingMind.com"]
[Date "2011.04.16"]
[Round "-"]
[White "Fiesty 50"]
[Black "GM Mark"]
[Result "1/2-1/2"]
[WhiteCountry "ENG"]
[BlackCountry "ENG"]
[WhiteElo "2269"]
[WhiteRD "94"]
[BlackElo "2441"]
[BlackRD "108"]
[GameID "280781"]

1. e4 e5 2. Nf3 Nc6 3. Bb5 a6 4. Ba4 Nf6 5. O-O Be7 6. Re1 b5 7. Bb3 d6 8. c3 O-O 9. h3 Bb7 10. d4 Re8
11. Nbd2 Bf8 12. a3 h6 13. Bc2 Nb8 14. b4 Nbd7 15. Bb2 g6 16. Qb1 Bg7 17. a4 Qe7 18. Bd3 c6 19. Nb3 Nh5 20. Na5 Nb6
21. axb5 cxb5 22. Nxb7 Qxb7 23. Bc1 Rec8 24. Bd2 Nc4 25. Qc1 exd4 26. Nxd4 Nxd2 27. Qxd2 Qb6 28. Ne2 Nf6 29. Nd4 Nd7 30. Red1=
1/2-1/2

[Event "2011 SC Site Championship, Round 1 - Group I"]
[Site "SchemingMind.com"]
[Date "2011.04.16"]
[Round "-"]
[White "soundso"]
[Black "GM Mark"]
[Result "0-1"]
[WhiteCountry "USA"]
[BlackCountry "ENG"]
[WhiteElo "1933"]
[WhiteRD "88"]
[BlackElo "2434"]
[BlackRD "119"]
[GameID "280782"]

1. e4 e5 2. Nf3 Nc6 3. d4 exd4 4. Nxd4 Nf6 5. Nxc6 bxc6 6. e5 Qe7 7. Qe2 Nd5 8. c4 Ba6 9. b3 Qh4 10. Qf3 Qd4
11. cxd5 Bb4+ 12. Bd2 Bxd2+ 13. Nxd2 Qxa1+ 14. Qd1 Qxe5+ 15. Be2 O-O 16. f3 Rfe8 17. Ne4 Bxe2 18. Kxe2 cxd5
0-1

[Event "2011 SC Site Championship, Round 1 - Group I"]
[Site "SchemingMind.com"]
[Date "2011.04.16"]
[Round "-"]
[White "Number34"]
[Black "GM Mark"]
[Result "1/2-1/2"]
[WhiteCountry "USA"]
[BlackCountry "ENG"]
[WhiteElo "2328"]
[WhiteRD "74"]
[BlackElo "2441"]
[BlackRD "108"]
[GameID "280783"]

1. e4 e5 2. f4 exf4 3. Bc4 Qh4+ 4. Kf1 d6 5. d4 Be6 6. Qd3 Nd7 7. Nf3 Qf6 8. Nc3 O-O-O 9. h4 h6 10. a4 c6
11. a5 Kb8 12. a6 b6 13. h5 Ne7 14. e5 dxe5 15. dxe5 Bxc4 16. Qxc4 Qf5 17. Bxf4 Nc5 18. e6+ Ka8 19. exf7 Nd5= 20. Nxd5 cxd5
21. Qd4 Qxf7 22. Ne5 Qf5 23. Ng6 Bd6 24. g4 Qf7 25. Kg2 Rhe8 26. Bxd6 Rxd6 27. Rhf1 Qc7 28. Rae1 Ne4 29. c3 Rdd8 30. Re3 Nf6
31. Rxe8 Rxe8 32. g5 Re2+ 33. Rf2=
1/2-1/2

[Event "2011 SC Site Championship, Round 1 - Group I"]
[Site "SchemingMind.com"]
[Date "2011.04.13"]
[Round "-"]
[White "Will Grummitt"]
[Black "GM Mark"]
[Result "1/2-1/2"]
[WhiteCountry "ENG"]
[BlackCountry "ENG"]
[WhiteElo "1920"]
[WhiteRD "58"]
[BlackElo "2434"]
[BlackRD "119"]
[GameID "280784"]

1. e4 e6 2. d4 d5 3. Nc3 Nf6 4. e5 Nfd7 5. f4 c5 6. Nf3 Nc6 7. Be3 Qb6 8. a3 Be7 9. Be2 O-O 10. O-O cxd4
11. Nxd4 Nxd4 12. Bxd4 Bc5 13. Na4 Bxd4+ 14. Kh1 Qc7 15. Qxd4 Qxc2 16. Bd3 Qc7 17. Qb4 b6 18. Rac1 Qd8 19. Rf2 f6=
1/2-1/2